Jus Post Bellum: Mapping the Normative Foundations (Record no. 22714)

MARC details
000 -LEADER
fixed length control field 00890nam a2200121Ia 4500
008 - FIXED-LENGTH DATA ELEMENTS--GENERAL INFORMATION
fixed length control field 220620s9999||||xx |||||||||||||| ||und||
245 #0 - TITLE STATEMENT
Title Jus Post Bellum: Mapping the Normative Foundations
546 ## - LANGUAGE NOTE
Language note English[eng]
650 ## - SUBJECT ADDED ENTRY--TOPICAL TERM
Topical term or geographic name entry element peace agreements||peacebuilding||jus ad bellum||responsibility to protect||transitional justice||environmental law||jus post bellum||amnesty law||human rights law||jus in bello||peace agreements||peacebuilding||jus ad bellum||responsibility to protect||transitional justice||environmental law||jus post bellum||amnesty law||human rights law||jus in bello||Conflict resolution||International law||Law of war||United Nations||War
700 ## - ADDED ENTRY--PERSONAL NAME
Personal name Stahn, Carsten||Iverson, Jens||S. Easterday, Jennifer
856 ## - ELECTRONIC LOCATION AND ACCESS
Uniform Resource Identifier <a href="https://library.oapen.org/bitstream/20.500.12657/31901/1/622852.pdf||https://library.oapen.org/bitstream/20.500.12657/31901/1/622852.pdf">https://library.oapen.org/bitstream/20.500.12657/31901/1/622852.pdf||https://library.oapen.org/bitstream/20.500.12657/31901/1/622852.pdf</a>
942 ## - ADDED ENTRY ELEMENTS (KOHA)
Koha item type E-Books
Holdings
Withdrawn status Lost status Damaged status Not for loan Home library Current library Date acquired Total Checkouts Date last seen Price effective from Koha item type
        Kerala University of Digital Sciences, Innovation and Technology Knowledge Centre Kerala University of Digital Sciences, Innovation and Technology Knowledge Centre 20/06/2022   20/06/2022 20/06/2022 E-Books